Практические занятия по общей физике. Электричество и магнетизм: учебное пособие
| Autor Principal: | |
|---|---|
| Autor Corporativo: | |
| Outros autores: | |
| Summary: | Заглавие с титульного экрана Электронная версия печатной публикации В пособии кратко изложены разделы курса общей физики, касающиеся электрических и магнитных явлений; даны разъяснения основных законов, явлений и понятий электродинамики; рассмотрены примеры решения задач по соответствующим разделам курса; предложены задачи для самостоятельного решения по каждому разделу курса. Предназначено для студентов инженерных специальностей, изучающих курс физики в течение трех семестров. Режим доступа: из корпоративной сети ТПУ |
| Idioma: | ruso |
| Publicado: |
Томск, Изд-во ТПУ, 2013
|
| Subjects: | |
| Acceso en liña: | http://www.lib.tpu.ru/fulltext2/m/2013/m325.pdf |
| Formato: | MixedMaterials Electrónico Libro |
| KOHA link: | https://koha.lib.tpu.ru/cgi-bin/koha/opac-detail.pl?biblionumber=246759 |
MARC
| LEADER | 00000nlm0a2200000 4500 | ||
|---|---|---|---|
| 001 | 246759 | ||
| 005 | 20240202213137.0 | ||
| 035 | |a (RuTPU)RU\TPU\book\268217 | ||
| 090 | |a 246759 | ||
| 100 | |a 20131209d2013 m y0rusy50 ca | ||
| 101 | 0 | |a rus | |
| 102 | |a RU | ||
| 105 | |a a j 001zy | ||
| 135 | |a drgn ---uucaa | ||
| 181 | 0 | |a i | |
| 182 | 0 | |a b | |
| 200 | 1 | |a Практические занятия по общей физике. Электричество и магнетизм |e учебное пособие |f Б. В. Горячев, С. Б. Могильницкий |g Национальный исследовательский Томский политехнический университет (ТПУ), Физико-технический институт (ФТИ), Кафедра общей физики (ОФ) | |
| 203 | |a Текст |c электронный | ||
| 210 | |a Томск |c Изд-во ТПУ |d 2013 | ||
| 300 | |a Заглавие с титульного экрана | ||
| 300 | |a Электронная версия печатной публикации | ||
| 330 | |a В пособии кратко изложены разделы курса общей физики, касающиеся электрических и магнитных явлений; даны разъяснения основных законов, явлений и понятий электродинамики; рассмотрены примеры решения задач по соответствующим разделам курса; предложены задачи для самостоятельного решения по каждому разделу курса. Предназначено для студентов инженерных специальностей, изучающих курс физики в течение трех семестров. | ||
| 333 | |a Режим доступа: из корпоративной сети ТПУ | ||
| 337 | |a Adobe Reader | ||
| 606 | 1 | |a Физика |2 stltpush |3 (RuTPU)RU\TPU\subj\63709 |9 80688 | |
| 610 | 1 | |a электронный ресурс | |
| 610 | 1 | |a учебные пособия | |
| 610 | 1 | |a труды учёных ТПУ | |
| 610 | 1 | |a электричество | |
| 610 | 1 | |a магнетизм | |
| 610 | 1 | |a электрический ток | |
| 610 | 1 | |a электростатика | |
| 610 | 1 | |a электромагнетизм | |
| 610 | 1 | |a магнитный поток | |
| 610 | 1 | |a электродинамические потенциалы | |
| 610 | 1 | |a магнитные поля | |
| 610 | 1 | |a векторный потенциал | |
| 610 | 1 | |a скалярный потенциал | |
| 610 | 1 | |a энергия | |
| 610 | 1 | |a электродинамика | |
| 610 | 1 | |a задачи | |
| 675 | |a 53(076.5) |v 3 | ||
| 700 | 1 | |a Горячев |b Б. В. |c физик |c доцент Томского политехнического университета, кандидат физико-математических наук |f 1947- |g Борис Валентинович |3 (RuTPU)RU\TPU\pers\25460 |9 11399 | |
| 701 | 1 | |a Могильницкий |b С. Б. |c физик |c доцент Томского политехнического университета, кандидат физико-математических наук |f 1951- |g Сергей Борисович |3 (RuTPU)RU\TPU\pers\25470 | |
| 712 | 0 | 2 | |a Национальный исследовательский Томский политехнический университет (ТПУ) |b Физико-технический институт (ФТИ) |b Кафедра общей физики (ОФ) |3 (RuTPU)RU\TPU\col\18734 |
| 801 | 1 | |a RU |b 63413507 |c 20131209 | |
| 801 | 2 | |a RU |b 63413507 |c 20140404 |g RCR | |
| 856 | 4 | |u http://www.lib.tpu.ru/fulltext2/m/2013/m325.pdf | |
| 942 | |c CF | ||